Hidden Planes On Google Earth #2 - Statistics

General Stats
  • This quiz has been taken 8 times
  • The average score is 3 of 16
Answer Stats
Picture Answer % Correct
Air france flight 358
50%
Emirates flight 557
50%
Q400 Flight 333
50%
Qantas Flight 667
50%
Koreanair flight 9943
25%
MH443
25%
Turkishair flight 1
25%
Yeti Airlines flight 653
25%
Airbus A350 Flight 4445
0%
An 225 flight 772
0%
Boeing 797
0%
Cessna 1182 flight 384-ER
0%
Garuda Indonesia Flight 777
0%
Singapore airlines flight 5543
0%
Southwest Flight 1763
0%
Soutwest Flight 775
0%
No matching quizzes found
Score Distribution
Percent of People with Each Score
Percentile by Number Answered
Your Score History
You have not taken this quiz